000 00598nam a2200217 a 4500
005 20140311163009.0
008 050909s19uu xx 00 eng d
020 _a0-323-02481-5
050 _aRT 120.I5
_b.Ur74 2004
100 _aUrden, Linda D.
245 _aPriorities in critical care nursing /
_cLinda D. Urden.
250 _a4th ed.
260 _aMissouri :
_bMosby,
_c2004.
300 _a530 p. :
_bill. col. ;
_c28 cm.
521 _aNUR
650 _aIntensive care nursing.
700 _aStacy, Kathleen M.
700 _aLough, Mary E.
942 _cBK
_2lcc
_kFOR
999 _c39352
_d39352